000 00304nam a22001337a 4500
008 170220b xxu||||| |||| 00| 0 eng d
020 _a9780071448802
041 _aeng
080 _a615
100 _a5
101 _aSHF
245 _aPHARMACOTHERAPY PRINCIPLES & PRACTICE
_cWELLS, B.G
942 _2udc
_cBK
999 _c5799
_d5799